000 00833nam a2200241 a 4500
001 BRCA_1929
005 20190320203615.0
008 780410s1988 nyua---##b---#001-0#eng-d
020 _a0714825344
040 _aDLC
_cDLC
_dDLC
050 4 _aNK775
_b.G37 1988
100 1 _aGarner, Philippe
_95946
245 1 0 _aPhaidon Encyclopedia of Decorative Arts, 1890-1940
_cedited by Philippe Garner.
260 _aOxford
_bPhaidon
_c1988
300 _a320 p.
_bil. (algunas a color)
_c29 cm.
500 _aIncluye índice alfabético y glosario
504 _aBibliografía : p. 310-312
650 1 4 _aDecoración y ornamentación
_vDiccionarios
_xHistoria
_ySiglo XIX
_95947
650 1 4 _aDecoración y ornamentación
_vDiccionarios
_xHistoria
_ySiglo XX
_95948
740 0 _aEncyclopedia of Decorative Arts
902 _aREF
942 _2lcc
_cB
999 _c1701
_d1701